01061nabaa22001697a 4500003000400000005001700004008004100021040000700062100002300069245011000092300001300202505041900215505008900634650002700723650002100750773012000771OSt20260122224653.0190701b xxu||||| |||| 00| 0 spa d cPJ aFalbo, Aníbal J.10aPara el daño ambiental judicial, ¿importan los valores límite administrativos? /cAníbal J. Falbo. ap. 46-55 aSumario: I. ¿Cuál es la importancia de los valores límite administrativos para el daño ambiental judicial?— II. El daño ambiental es un daño civil, no administrativo.— III. Análisis específico de los valores límite administrativos.— IV. Las características especiales del daño ambiental.— V. Referencias a la autorización administrativa.— VI. Decisiones relevantes.— VII. Cierre. t¿Te interesa el texto completo? Comunicate al correo: koha@justierradelfuego.gov.ar 0aDERECHO ADMINISTRATIVO 0aDAÑO AMBIENTAL0 02842dBuenos Aires : AbeledoPerrot, 2012-oDA121tDerecho administrativo. Nº 149 septiembre/octubre 2023z18510590